| 000 | 00817cam a22002653a 4500 | ||
|---|---|---|---|
| 001 | 30313 | ||
| 003 | PGUSA | ||
| 005 | 20140828083644.0 | ||
| 008 | 091022s2009||||xxu|||||s|||||000 1 eng d | ||
| 040 |
_aPGUSA _beng |
||
| 042 | _adc | ||
| 050 | 4 | _aPS | |
| 100 | 1 |
_aSeton, Ernest Thompson, _d1860-1946 |
|
| 245 | 1 | 4 |
_aThe Preacher of Cedar Mountain : _bA Tale of the Open Country _h[electronic resource] / _cErnest Thompson Seton |
| 260 |
_bProject Gutenberg, _c2009 |
||
| 506 | _aPublic domain in the USA. | ||
| 516 | _aElectronic text | ||
| 653 | _aClergy -- Fiction | ||
| 653 | _aWestern stories | ||
| 653 | _aGreat Plains -- Fiction | ||
| 700 | 1 |
_aRowe, Clarence H. _q(Clarence Herbert), _d1878-1930 |
|
| 830 | 0 |
_aProject Gutenberg _v30313 |
|
| 856 | 4 | 0 | _uhttp://www.gutenberg.org/ebooks/30313 |
| 942 | _cEB | ||
| 999 |
_c259568 _d259568 |
||